| 000 | 00866nmm a2200325 a 4500 | ||
|---|---|---|---|
| 003 | AR-X00000XY | ||
| 005 | 20251128211918.0 | ||
| 008 | 197020s1997 ||||||||||||||000 | spa|| | ||
| 020 | _a958-96284-0-0 | ||
| 040 | _cAR-X00000XY | ||
| 100 | 1 | _aElijaiek, Abdú | |
| 245 | 1 | 0 | _aVilla de Leiva |
| 260 |
_a[Santafé de Bogotá] _bMinisterio de Cultura _c1997 |
||
| 300 | 0 |
_aca. 90 p. _bil., fot. byn |
|
| 500 | 0 | _aDonación de la Embajada de Colombia en Buenos Aires | |
| 650 | 4 | _aFOTOGRAFIA | |
| 650 | 4 | _aVIDA COTIDIANA | |
| 650 | 4 | _aPOBLACIONES | |
| 650 | 4 | _aARQUITECTURA | |
| 650 | 4 | _aVERSOS | |
| 650 | 4 | _aPOESIAS | |
| 650 | 4 | _aCOMUNIDADES LOCALES | |
| 650 | 4 | _aARTES VISUALES | |
| 651 | 4 | _aColombia | |
| 651 | 4 | _aVilla de Leiva | |
| 653 | _aLITERATURA COLOMBIANA | ||
| 700 | 1 | _aMedellín, Jorge Alejandro | |
| 942 | _cBK | ||
| 998 | _cNancy | ||
| 999 |
_c21593 _d21593 |
||